Curso avançado de direito civil / (Record no. 634)

MARC details
000 -LÍDER
Campo Fixo de Controle 00710nam a2200241 a 4500
001 - NÚMERO DE CONTROLE
Campo de Controle 634
003 - IDENTIFICAÇÃO DO NÚMERO DE CONTROLE
Campo de Controle BR-CuiBMT
005 - DATA E HORA DA ÚLTIMA ATUALIZAÇÃO
Campo de Controle 20231127143135.0
008 - DADOS FIXOS
Dados Fixos 231110s2002 spb 000 0 por d
020 ## - INTERNATIONAL STANDARD BOOK NUMBER
Nº do ISBN 8520319602
040 ## - AGÊNCIA CATALOGADORA
Código da Agência Catalogadora BR-CuiBMT
Agência que transcreveu o registro BR-CuiBMT
080 ## - Nº DA CLASSIFICAÇÃO DECIMAL UNIVERSAL
Nº edição CDU 2007
Nº Class. CDU 347
090 ## - NÚMERO DE CHAMADA
Nº classificação 347
Cutter R672c
100 1# - ENTRADA PRINCIPAL -- AUTOR PESSOAL
Nome pessoal Rocha, Silvio Luís Ferreira da
245 10 - TÍTULO PRINCIPAL
Título principal Curso avançado de direito civil /
Indicação de responsabilidade Silvio Luís Ferreira da Rocha.
260 ## - PUBLICAÇÃO, DISTRIBUIÇÃO, ETC.
Local de publicação São Paulo :
Editora Revista dos Tribunais,
Data 2002.
300 ## - DESCRIÇÃO FÍSICA
N. páginas ou volumes 505 p. ;
Dimensões 21 cm
504 ## - NOTA DE BIBLIOGRAFIA, ETC.
Nota de bibliografia Inclui bibliografia.
505 1# - NOTA DE CONTEÚDO
Nota de conteúdo v. 3. Contratos
590 ## - NOTA LOCAL
Nota local A Biblioteca possui somente o volume 3.
650 ## - ASSUNTO TÓPICO
Cabeçalho tópico ou nome geográfico Direito civil
Subdivisão geral Contratos
Subdivisão geográfica Brasil
942 ## - ELEMENTOS DE ENTRADA ADICIONAIS (KOHA)
Fonte de classificação ou esquema de arquivamento Classificação Decimal Universal
Tipo de item do Koha Livros
Holdings
Estado: removido Estado: perdido Fonte de classificação ou esquema de arquivamento Estado: danificado Indisponível para empréstimo Localização permanente Localização atual Data de aquisição Numeração serial ou cronológica (Volume) Total Checkouts Número de Chamada completo Código de barras Date last seen Número do exemplar Preço efetivo a partir de Tipo de item (Koha)
    Classificação Decimal Universal     Biblioteca da Escola Superior de Contas do TCE/MT Biblioteca da Escola Superior de Contas do TCE/MT 02/04/2023 v. 3   347 R672c BIBTCEMT23110456 10/11/2023 Ex. 1 10/11/2023 Livros

Powered by Koha